Slovak act on statutory audit: Reflection on terminology
V súčasnosti na Slovensku platí už piata legislatívna úprava postavenia a regulácie činnosti vykonávanej audítormi a audítorskými spoločnosťami. V decembri 2015 bol publikovaný zákon o štatutárnom audite. Novoprijatý zákon zasahuje do zaužívanej audítorskej terminológie. Zamyslenie sa autora článku...
Guardado en:
| Autor principal: | |
|---|---|
| Formato: | Capítulo de libro |
| Lenguaje: | eslovaco |
| Materias: | |
| Etiquetas: |
Sin Etiquetas, Sea el primero en etiquetar este registro!
|
MARC
| LEADER | 00000naa$a2200000$$$4500 | ||
|---|---|---|---|
| 001 | 0222947 | ||
| 005 | 20240502083554.4 | ||
| 041 | 0 | |a slo | |
| 044 | |a CZ | ||
| 245 | 1 | 0 | |a Slovak act on statutory audit: Reflection on terminology |c František Maděra |
| 520 | |a V súčasnosti na Slovensku platí už piata legislatívna úprava postavenia a regulácie činnosti vykonávanej audítormi a audítorskými spoločnosťami. V decembri 2015 bol publikovaný zákon o štatutárnom audite. Novoprijatý zákon zasahuje do zaužívanej audítorskej terminológie. Zamyslenie sa autora článku nad terminológiou. | ||
| 610 | 2 | 0 | |a audit |
| 610 | 2 | 0 | |a audítori |
| 610 | 2 | 0 | |a legislatíva |
| 610 | 2 | 0 | |a terminológia |
| 100 | 1 | |a Maděra, František | |